000 00616nam a2200205Ii 4500
003 JO-AjNU
008 230605s9999||||xx |||||||||||||| ||und||
017 _a4374
040 _aJO-AjNU
_bara
_erda
_cJO-AjNU
041 _aara
050 1 4 _aHC415.26
100 3 _aقنديل،عبد الفتاح,
_eauthor
_916654
245 0 0 _aاقتصاديات التخطيط
264 3 1 _aالقاهرة:دار النهضة العربية
300 _a335ص
336 _atext
_btxt
_2rdacontent
337 _aunmediated
_bn
_2rdamedia
338 _avolume
_bnc
_2rdacarrier
650 4 _aالاقتصاد-التخطيط
_916655
999 _aA4984
_c8552
_d8552